The modern private rented sector (Record no. 106080)

MARC details
000 -LEADER
fixed length control field 01348cam a2200229 4500
001 - CONTROL NUMBER
control field ##L135488
008 - FIXED-LENGTH DATA ELEMENTS--GENERAL INFORMATION
fixed length control field 061030n2006 000 0 eng u
020 ## - INTERNATIONAL STANDARD BOOK NUMBER
International Standard Book Number 1905018347
-- 9781905018345
035 ## - SYSTEM CONTROL NUMBER
System control number (Sirsi) u135488
041 0# - LANGUAGE CODE
Language code of text/sound track or separate title eng
050 04 - LIBRARY OF CONGRESS CALL NUMBER
Classification number 306.1 $2 18
100 1# - MAIN ENTRY--PERSONAL NAME
Personal name Rhodes, David
245 04 - TITLE STATEMENT
Title The modern private rented sector
260 ## - PUBLICATION, DISTRIBUTION, ETC.
Place of publication, distribution, etc. London
Name of publisher, distributor, etc. CIH
Place of publication, distribution, etc. London
Name of publisher, distributor, etc. JRF
Date of publication, distribution, etc. 2006
520 ## - SUMMARY, ETC.
Summary, etc. Examines the characteristics of the modern Private Rented Sector (PRS) through an analysis of 2001 census data and other sources of data and classifications of area type. Covers the history of the modern PRS, its size and geography, privately rented properties, the people renting privately and private renting households. Concludes that the most important role of the PRS within the modern housing system is to provide flexible accommodation for young and mobile people. The open-market PRS was generally the most attuned to this role, mostly in urban areas and especially in Greater London.
590 ## - LOCAL NOTE (RLIN)
Local note IKA311006
651 #4 - SUBJECT ADDED ENTRY--GEOGRAPHIC NAME
Geographic name United Kingdom
Chronological subdivision
690 ## - LOCAL SUBJECT ADDED ENTRY--TOPICAL TERM (OCLC, RLIN)
Topical term or geographic name as entry element PROPERTY-RESIDENTIAL PROPERTY-RESIDENTIAL PROPERTY TENURE-LEASEHOLD RESIDENTIAL PROPERTY
710 2# - ADDED ENTRY--CORPORATE NAME
Corporate name or jurisdiction name as entry element Joseph Rowntree Foundation
9 (RLIN) 2318
856 40 - ELECTRONIC LOCATION AND ACCESS
Uniform Resource Identifier <a href="https://www.jrf.org.uk/knowledge/findings/housing/1941.asp">https://www.jrf.org.uk/knowledge/findings/housing/1941.asp</a>
Public note View the report free of charge at www.jrf.org.uk...
942 ## - ADDED ENTRY ELEMENTS (KOHA)
Suppress in OPAC 0
Holdings
Withdrawn status Lost status Source of classification or shelving scheme Damaged status Not for loan Home library Current library Shelving location Date acquired Total Checkouts Full call number Barcode Date last seen Copy number Price effective from Koha item type
    Dewey Decimal Classification     Virtual Virtual Online 30/10/2006   ONLINE PUBLICATION 135488-2001 06/08/2019 1 06/08/2019 Book